Comparative secondary education: (Record no. 15382)

MARC details
000 -LEADER
fixed length control field 00981nam a22002537a 4500
008 - FIXED-LENGTH DATA ELEMENTS--GENERAL INFORMATION
fixed length control field 080908t xxu||||| |||| 00| 0 eng d
010 ## - LCCN (DPL NO)
LC control number ENG-90968
020 ## - INTERNATIONAL STANDARD BOOK NUMBER
International Standard Book Number 8183242626
Terms of availability 650.00
035 ## - SYSTEM CONTROL NUMBER
System control number EN-74501
037 ## - SOURCE OF ACQUISITION
Source of stock number/acquisition DBAD /PUB
040 ## - CATALOGING SOURCE
Original cataloging agency DPL
Language of cataloging English
082 ## - DEWEY DECIMAL CLASSIFICATION NUMBER
Classification number 373.22
100 ## - MAIN ENTRY--PERSONAL NAME
Personal name Sudarsana Reddy T.
245 ## - TITLE STATEMENT
Title Comparative secondary education:
Statement of responsibility, etc by T. Sudarsana Reddy
Remainder of title a case study of government and private schools /
260 ## - PUBLICATION, DISTRIBUTION, ETC. (IMPRINT)
Place of publication, distribution, etc New Delhi
Name of publisher, distributor, etc Mittal Publications
Date of publication, distribution, etc 2008
300 ## - PHYSICAL DESCRIPTION
Extent xx, 241p.
Dimensions 23 cm (Hb)
500 ## - GENERAL NOTE
General note Includes bibliographical references and index
650 ## - SUBJECT ADDED ENTRY--TOPICAL TERM
Source of heading or term Education, Secondary
650 ## - SUBJECT ADDED ENTRY--TOPICAL TERM
Source of heading or term Private schools
General subdivision Case study
650 ## - SUBJECT ADDED ENTRY--TOPICAL TERM
Source of heading or term High schools
General subdivision Case study
650 ## - SUBJECT ADDED ENTRY--TOPICAL TERM
Source of heading or term Comparative education
942 ## - ADDED ENTRY ELEMENTS (KOHA)
Source of classification or shelving scheme Dewey Decimal Classification
Item type English Books
Call number suffix SUD
Classification part 373.22
Holdings
Withdrawn status Lost status Source of classification or shelving scheme Damaged status Not for loan Collection code Home library Current library Date acquired Source of acquisition Cost, normal purchase price Total Checkouts Full call number Barcode Date last seen Copy number Cost, replacement price Koha item type
    Dewey Decimal Classification   Not For Loan Non-fiction D.B.Act.Division D.B.Act.Division 08/09/2008 DBAD / PUB 650.00   373.22 SUD EN-74501 15/09/2008 1 650.00 English Books

© Delhi Public Library
Hit Counter
free hit counter